| 000 | 00560nam a2200205Ia 4500 | ||
|---|---|---|---|
| 003 | OSt | ||
| 005 | 20230406100156.0 | ||
| 008 | 210423s2008 xx 000 0 und d | ||
| 020 | _a9788120331945 | ||
| 040 | _cAL | ||
| 041 | _aeng | ||
| 082 |
_a657.48 _223 _b BANB |
||
| 100 |
_aBANERJEE (Birendra Krishna). _984023 |
||
| 245 | _aFinancial accounting: dynamic approach. | ||
| 260 |
_aNew Delhi _bPHI Learning Pvt Ltd _c2008 |
||
| 300 |
_axxi,1097 _bPB |
||
| 365 |
_b495 _cINR |
||
| 906 | _aaccounting: ; approach. ; dynamic ; Financial | ||
| 942 |
_2ddc _cBK |
||
| 999 |
_c156973 _d156973 |
||